[Event "BL2-West 1819"]
[Site "Germany"]
[Date "2019.02.03"]
[Round "6.5"]
[White "Haakert, Juergen"]
[Black "Wolf, Volker"]
[Result "1/2-1/2"]
[WhiteElo "2294"]
[BlackElo "2286"]
[PlyCount "21"]
[EventDate "2018.11.21"]
[EventType "team-tourn"]
[EventRounds "9"]
[EventCountry "GER"]
[SourceTitle "CBM 190 Extra"]
[Source "ChessBase"]
[SourceDate "2019.07.15"]
[SourceVersion "1"]
[SourceVersionDate "2019.07.15"]
[SourceQuality "1"]
[WhiteTeam "Oberursel"]
[BlackTeam "Koblenz"]
[WhiteTeamCountry "GER"]
[BlackTeamCountry "GER"]

1. Nf3 g6 2. g3 Bg7 3. Bg2 Nf6 4. 0-0 0-0 5. c4 c5 6. Nc3 Nc6 7. Rb1 Rb8 8. a3 a5 9. d3 d6 10. Ne1 Ne8 11. Bd2 1/2-1/2

[Event "WchT Seniors 65"]
[Site "Dresden"]
[Date "2018.07.12"]
[Round "6.4"]
[White "Stebbings, Anthony"]
[Black "Haakert, Juergen"]
[Result "1/2-1/2"]
[WhiteElo "2257"]
[BlackElo "2302"]
[PlyCount "54"]
[EventDate "2018.07.07"]
[EventType "team-swiss"]
[EventRounds "9"]
[EventCountry "GER"]
[SourceTitle "CBM 185 Extra"]
[Source "ChessBase"]
[SourceDate "2018.07.29"]
[SourceVersion "1"]
[SourceVersionDate "2018.07.29"]
[SourceQuality "1"]
[WhiteTeam "England"]
[BlackTeam "Germany"]
[WhiteTeamCountry "ENG"]
[BlackTeamCountry "GER"]

1. d4 f5 2. Bg5 g6 3. Nc3 Bg7 4. h4 Nc6 5. Nf3 h6 6. Bf4 d6 7. e4 e5 8. dxe5 fxe4 9. Nxe4 Bf5 10. Bd3 dxe5 11. Bd2 Nf6 12. Qe2 Qe7 13. 0-0-0 0-0-0 14. Nxf6 Qxf6 15. Bc3 Rhe8 16. Rhe1 Qf7 17. Bc4 Rxd1+ 18. Rxd1 Qf8 19. Qe3 a6 20. Re1 Bd7 21. Bd5 Nd4 22. Be4 Qf7 23. b3 Kb8 24. Kb1 Nb5 25. Bb2 Nd6 26. Nd2 Rf8 27. f3 Re8 1/2-1/2

[Event "WchT Seniors 65"]
[Site "Dresden"]
[Date "2018.07.10"]
[Round "4.3"]
[White "Weisenburger, Horst"]
[Black "Haakert, Juergen"]
[Result "1/2-1/2"]
[WhiteElo "2096"]
[BlackElo "2302"]
[PlyCount "90"]
[EventDate "2018.07.07"]
[EventType "team-swiss"]
[EventRounds "9"]
[EventCountry "GER"]
[SourceTitle "CBM 185 Extra"]
[Source "ChessBase"]
[SourceDate "2018.07.29"]
[SourceVersion "1"]
[SourceVersionDate "2018.07.29"]
[SourceQuality "1"]
[WhiteTeam "Schwaebische Franken"]
[BlackTeam "Germany"]
[WhiteTeamCountry "GER"]
[BlackTeamCountry "GER"]

1. d4 e6 2. Nf3 c5 3. c3 Nc6 4. Bf4 Nf6 5. e3 b6 6. Nbd2 Bb7 7. Bd3 d5 8. Ne5 Bd6 9. Ndf3 0-0 10. Bg5 Be7 11. h4 Ne4 12. Nxc6 Bxc6 13. Bxe7 Qxe7 14. Ne5 Be8 15. f3 Nd6 16. Qc2 g6 17. h5 Qg5 18. Qf2 Nf5 19. f4 Qg3 20. Bxf5 Qxf2+ 21. Kxf2 gxf5 22. Rag1 f6 23. Nf3 Kh8 24. g4 fxg4 25. Rxg4 Bf7 26. Rgh4 Rae8 27. Rg1 Rg8 28. Nh2 Rxg1 29. Kxg1 e5 30. dxe5 fxe5 31. Kf2 d4 32. exd4 exd4 33. cxd4 cxd4 34. Nf3 Bxa2 35. Nxd4 Re4 36. Nb5 a6 37. Nc3 Rb4 38. Nd1 Kg7 39. h6+ Kf6 40. Rg4 Bb1 41. Ke3 Bg6 42. Rg2 Re4+ 43. Kf3 Rb4 44. Ke3 Re4+ 45. Kf3 Rb4 1/2-1/2

[Event "Oberliga Ost-B 1718"]
[Site "Germany"]
[Date "2018.02.03"]
[Round "6.6"]
[White "Seifert, Christopher"]
[Black "Haakert, Juergen"]
[Result "1-0"]
[WhiteElo "2290"]
[BlackElo "2312"]
[PlyCount "63"]
[EventDate "2017.10.22"]
[EventType "team-tourn"]
[EventRounds "11"]
[EventCountry "GER"]
[SourceTitle "EXT 2019"]
[Source "ChessBase"]
[SourceDate "2018.10.10"]
[SourceVersion "1"]
[SourceVersionDate "2018.10.10"]
[SourceQuality "1"]
[WhiteTeam "Neuberg"]
[BlackTeam "Oberursel"]
[WhiteTeamCountry "GER"]
[BlackTeamCountry "GER"]

1. c4 g6 2. Nc3 Bg7 3. g3 c5 4. Bg2 Nc6 5. d3 Nf6 6. e4 0-0 7. Nge2 d6 8. 0-0 Rb8 9. h3 a6 10. f4 Ne8 11. Be3 Nd4 12. Rb1 Nc7 13. b4 b5 14. bxc5 dxc5 15. e5 Nce6 16. Ne4 Qc7 17. N2c3 f5 18. Nd5 Qa7 19. Nec3 b4 20. Ne2 a5 21. a3 Nxe2+ 22. Qxe2 b3 23. a4 Kf7 24. Nc3 Rb4 25. Qf2 Bb7 26. Bxb7 Qxb7 27. Bxc5 Nxc5 28. Qxc5 Rd8 29. Nd5 Rxa4 30. Rxb3 Qd7 31. Rfb1 Bf8 32. Nb6 1-0

[Event "Oberliga Ost-B 1617"]
[Site "Germany"]
[Date "2017.02.18"]
[Round "6.8"]
[White "Syed, Tareq"]
[Black "Haakert, Juergen"]
[Result "1/2-1/2"]
[WhiteElo "2010"]
[BlackElo "2341"]
[PlyCount "40"]
[EventDate "2016.10.16"]
[EventType "team-tourn"]
[EventRounds "11"]
[EventCountry "GER"]
[SourceTitle "EXT 2018"]
[Source "ChessBase"]
[SourceDate "2017.10.13"]
[SourceVersion "1"]
[SourceVersionDate "2017.10.13"]
[SourceQuality "1"]
[WhiteTeam "Frankfurt BvK"]
[BlackTeam "Oberursel"]
[WhiteTeamCountry "GER"]
[BlackTeamCountry "GER"]

1. e4 Nf6 2. d3 d5 3. Nd2 e6 4. c3 c5 5. e5 Nfd7 6. f4 Nc6 7. g3 f6 8. exf6 Nxf6 9. Ngf3 Bd6 10. Bg2 0-0 11. 0-0 Qe8 12. Re1 Qg6 13. Nb3 Bd7 14. Ne5 Bxe5 15. fxe5 Ng4 16. Nxc5 Ngxe5 17. d4 b6 18. Nxd7 Nxd7 19. Bf4 Rac8 20. Qb1 Rf6 1/2-1/2

[Event "Oberliga Ost-B 1617"]
[Site "Germany"]
[Date "2016.12.04"]
[Round "4.6"]
[White "Haakert, Juergen"]
[Black "Hillmann, Michael"]
[Result "1-0"]
[WhiteElo "2341"]
[BlackElo "2162"]
[PlyCount "119"]
[EventDate "2016.10.16"]
[EventType "team-tourn"]
[EventRounds "11"]
[EventCountry "GER"]
[SourceTitle "EXT 2018"]
[Source "ChessBase"]
[SourceDate "2017.10.13"]
[SourceVersion "1"]
[SourceVersionDate "2017.10.13"]
[SourceQuality "1"]
[WhiteTeam "Oberursel"]
[BlackTeam "Sangerhausen"]
[WhiteTeamCountry "GER"]
[BlackTeamCountry "GER"]

1. Nf3 d5 2. g3 Nf6 3. Bg2 c6 4. 0-0 Bg4 5. h3 Bxf3 6. Bxf3 e5 7. d3 Nbd7 8. e4 dxe4 9. dxe4 Qc7 10. Nd2 Be7 11. Qe2 0-0 12. Nc4 Nc5 13. Bd2 Rfe8 14. a4 b6 15. Bc3 Ncd7 16. Rfd1 a6 17. Bg4 Ra7 18. Rd2 Bf8 19. Bxd7 Nxd7 20. Qg4 b5 21. Ba5 Qc8 22. Rad1 Nc5 23. Qxc8 Rxc8 24. Nd6 Bxd6 25. Rxd6 Raa8 26. axb5 axb5 27. Rd8+ Rxd8 28. Bxd8 Nxe4 29. Bc7 f6 30. f4 exf4 31. Bxf4 Kf7 32. Rd7+ Kg6 33. Rc7 Ra6 34. Kg2 Nc5 35. Bd6 Ne6 36. Re7 Ng5 37. h4 c5 38. Bxc5 Ne6 39. Be3 Rc6 40. c3 Kf5 41. Kf3 b4 42. cxb4 Rc2 43. g4+ Ke5 44. Bf4+ Kd5 45. Rd7+ Kc4 46. Rd2 Rc1 47. Be3 Rh1 48. Rd6 Rh3+ 49. Ke4 Nf8 50. Rd4+ Kb5 51. Rd5+ Kc6 52. b5+ Kb7 53. Rd8 Ne6 54. Rd7+ Kc8 55. Re7 Nd8 56. Bf4 Rxh4 57. Rc7+ Kb8 58. Rxg7+ Ka8 59. b6 Nc6 60. b7+ 1-0

[Event "Oberliga Ost-B 1617"]
[Site "Germany"]
[Date "2016.11.20"]
[Round "3.4"]
[White "Haakert, Juergen"]
[Black "Weishaeutel, Moritz"]
[Result "1/2-1/2"]
[WhiteElo "2341"]
[BlackElo "1879"]
[PlyCount "25"]
[EventDate "2016.10.16"]
[EventType "team-tourn"]
[EventRounds "11"]
[EventCountry "GER"]
[SourceTitle "EXT 2018"]
[Source "ChessBase"]
[SourceDate "2017.10.13"]
[SourceVersion "1"]
[SourceVersionDate "2017.10.13"]
[SourceQuality "1"]
[WhiteTeam "Oberursel"]
[BlackTeam "Erfurt Empor"]
[WhiteTeamCountry "GER"]
[BlackTeamCountry "GER"]

1. e4 e6 2. d3 d5 3. Nd2 Nf6 4. Ngf3 Bc5 5. e5 Nfd7 6. d4 Be7 7. Bd3 c5 8. c3 Nc6 9. 0-0 Qb6 10. dxc5 Bxc5 11. Qe2 Be7 12. Nb3 Qc7 13. Bf4 1/2-1/2

[Event "WchT Seniors 65"]
[Site "Radebeul"]
[Date "2016.07.02"]
[Round "7.8"]
[White "Haakert, Juergen"]
[Black "Cooper, John G1111"]
[Result "1/2-1/2"]
[WhiteElo "2341"]
[BlackElo "1941"]
[PlyCount "81"]
[EventDate "2016.06.26"]
[EventType "team-swiss"]
[EventRounds "9"]
[EventCountry "GER"]
[SourceTitle "CBM 173 Extra"]
[Source "ChessBase"]
[SourceDate "2016.08.29"]
[SourceVersion "1"]
[SourceVersionDate "2016.08.29"]
[SourceQuality "1"]
[WhiteTeam "Germany"]
[BlackTeam "England II"]
[WhiteTeamCountry "GER"]
[BlackTeamCountry "ENG"]

1. c4 c5 2. Nc3 Nc6 3. g3 g6 4. Bg2 Bg7 5. Rb1 d6 6. Nf3 e5 7. d3 Nge7 8. a3 a5 9. 0-0 0-0 10. Bd2 h6 11. Ne1 Be6 12. Nc2 d5 13. cxd5 Nxd5 14. Ne3 Nce7 15. Qc1 Rc8 16. Nexd5 Nxd5 17. Bxh6 f5 18. Bxg7 Kxg7 19. Nxd5 Bxd5 20. e4 fxe4 21. Qc3 Ba2 22. Ra1 Be6 23. Qxe5+ Qf6 24. Qxf6+ Rxf6 25. dxe4 b5 26. f4 Bb3 27. e5 Rff8 28. g4 Bc2 29. Rf2 Bd3 30. Bf1 c4 31. Rd1 Rfd8 32. Rfd2 Rd4 33. Rf2 Rf8 34. Bxd3 cxd3 35. h3 Rfxf4 36. Rxf4 Rxf4 37. Rxd3 b4 38. Rd7+ Kf8 39. Kg2 b3 40. Rd3 a4 41. Rf3 1/2-1/2

[Event "WchT Seniors 65"]
[Site "Radebeul"]
[Date "2016.07.01"]
[Round "6.11"]
[White "Selig, Rainer"]
[Black "Haakert, Juergen"]
[Result "1/2-1/2"]
[WhiteElo "2139"]
[BlackElo "2341"]
[PlyCount "56"]
[EventDate "2016.06.26"]
[EventType "team-swiss"]
[EventRounds "9"]
[EventCountry "GER"]
[SourceTitle "CBM 173 Extra"]
[Source "ChessBase"]
[SourceDate "2016.08.29"]
[SourceVersion "1"]
[SourceVersionDate "2016.08.29"]
[SourceQuality "1"]
[WhiteTeam "Oberlausitz"]
[BlackTeam "Germany"]
[WhiteTeamCountry "GER"]
[BlackTeamCountry "GER"]

1. d4 f5 2. g3 Nf6 3. Bg2 g6 4. Nh3 Nc6 5. 0-0 Bg7 6. c3 0-0 7. Nd2 d6 8. d5 Ne5 9. Nf4 c6 10. Nf3 cxd5 11. Nxd5 Nxd5 12. Qxd5+ e6 13. Qb3 Nf7 14. h4 Re8 15. Ng5 Ne5 16. Be3 Qc7 17. Bd4 d5 18. Rad1 Nc4 19. Bxg7 Kxg7 20. e3 Bd7 21. Rfe1 Rad8 22. Qc2 Bc6 23. b3 Nd6 24. Qb2 Kg8 25. Rc1 Rc8 26. Red1 b5 27. Qd2 Rcd8 28. Qe2 a6 1/2-1/2

[Event "Oberliga Ost-B 1516"]
[Site "Germany"]
[Date "2016.02.20"]
[Round "9.8"]
[White "Haakert, Juergen"]
[Black "Wohlfart, Paulus"]
[Result "1-0"]
[WhiteElo "2339"]
[BlackElo "2105"]
[PlyCount "59"]
[EventDate "2015.09.20"]
[EventType "team-tourn"]
[EventRounds "11"]
[EventCountry "GER"]
[SourceTitle "EXT 2017"]
[Source "ChessBase"]
[SourceDate "2016.10.25"]
[SourceVersion "1"]
[SourceVersionDate "2016.10.25"]
[SourceQuality "1"]
[WhiteTeam "Oberursel"]
[BlackTeam "Moerlenbach"]
[WhiteTeamCountry "GER"]
[BlackTeamCountry "GER"]

1. Nf3 f5 2. g3 Nf6 3. Bg2 g6 4. 0-0 Bg7 5. c4 d6 6. Nc3 0-0 7. Rb1 a5 8. a3 Nc6 9. b4 axb4 10. axb4 Nh5 11. b5 Na5 12. Qc2 f4 13. d3 b6 14. Nd5 fxg3 15. hxg3 Bb7 16. Ng5 Nf6 17. Ne6 Qd7 18. Nxf8 Rxf8 19. Bd2 Bxd5 20. cxd5 Nb7 21. d4 Nd8 22. Qd3 Qg4 23. e4 e5 24. dxe5 dxe5 25. Rbc1 Rf7 26. Ra1 Nb7 27. Ra8+ Rf8 28. Ra7 Nc5 29. Qc4 Kh8 30. Rxc7 1-0

[Event "WchT Seniors 65"]
[Site "Dresden"]
[Date "2015.02.28"]
[Round "5.3"]
[White "Zhelnin, Vladimir V"]
[Black "Haakert, Juergen"]
[Result "1/2-1/2"]
[WhiteElo "2465"]
[BlackElo "2355"]
[PlyCount "42"]
[EventDate "2015.02.24"]
[EventType "team-swiss"]
[EventRounds "9"]
[EventCountry "GER"]
[SourceTitle "CBM 165 Extra"]
[Source "ChessBase"]
[SourceDate "2015.04.21"]
[SourceVersion "1"]
[SourceVersionDate "2015.04.21"]
[SourceQuality "1"]
[WhiteTeam "Russia"]
[BlackTeam "Germany"]
[WhiteTeamCountry "RUS"]
[BlackTeamCountry "GER"]

1. e4 e6 2. d4 d5 3. Nc3 Nc6 4. Nf3 Nf6 5. Bg5 Be7 6. e5 Ne4 7. Be3 Bb4 8. Qd3 b6 9. Nd2 Nxd2 10. Bxd2 f6 11. a3 Be7 12. f4 fxe5 13. fxe5 Bh4+ 14. g3 Bg5 15. 0-0-0 0-0 16. Ne2 a5 17. Bxg5 Qxg5+ 18. Nf4 Ne7 19. Kb1 Bd7 20. h4 Qh6 21. Bh3 Bc8 1/2-1/2

[Event "Oberliga Ost-B 1415"]
[Site "Germany"]
[Date "2015.02.22"]
[Round "8.6"]
[White "Hahn, Markus"]
[Black "Haakert, Juergen"]
[Result "1/2-1/2"]
[WhiteElo "2221"]
[BlackElo "2352"]
[PlyCount "20"]
[EventDate "2014.09.21"]
[EventType "team-tourn"]
[EventRounds "11"]
[EventCountry "GER"]
[SourceTitle "EXT 2016"]
[Source "ChessBase"]
[SourceDate "2015.10.08"]
[SourceVersion "1"]
[SourceVersionDate "2015.10.08"]
[SourceQuality "1"]
[WhiteTeam "Kassel"]
[BlackTeam "Oberursel"]
[WhiteTeamCountry "GER"]
[BlackTeamCountry "GER"]

1. d4 f5 2. g3 g6 3. Bg2 Bg7 4. Nh3 Nc6 5. d5 Ne5 6. Nc3 Nf6 7. Nf4 c6 8. e4 d6 9. 0-0 0-0 10. a4 fxe4 1/2-1/2

[Event "Oberliga Ost-B 1415"]
[Site "Germany"]
[Date "2015.02.21"]
[Round "9.7"]
[White "Schmuck, Helmut"]
[Black "Haakert, Juergen"]
[Result "1/2-1/2"]
[WhiteElo "2113"]
[BlackElo "2352"]
[PlyCount "86"]
[EventDate "2014.09.21"]
[EventType "team-tourn"]
[EventRounds "11"]
[EventCountry "GER"]
[SourceTitle "EXT 2016"]
[Source "ChessBase"]
[SourceDate "2015.10.08"]
[SourceVersion "1"]
[SourceVersionDate "2015.10.08"]
[SourceQuality "1"]
[WhiteTeam "Erfurt Empor"]
[BlackTeam "Oberursel"]
[WhiteTeamCountry "GER"]
[BlackTeamCountry "GER"]

1. d4 f5 2. c4 Nf6 3. g3 g6 4. Bg2 Bg7 5. Nc3 0-0 6. Nh3 d6 7. d5 c6 8. Nf4 Bd7 9. 0-0 Na6 10. a4 Nc5 11. a5 Nfe4 12. Nxe4 Nxe4 13. Qc2 cxd5 14. Nxd5 e6 15. Nb4 Rc8 16. Bxe4 fxe4 17. Qxe4 Qc7 18. Bf4 Bxb2 19. Rab1 Bg7 20. Rfd1 e5 21. Qd5+ Rf7 22. Be3 Qxc4 23. Qxc4 Rxc4 24. Bxa7 Bf5 25. Rb3 d5 26. f3 d4 27. Nd3 e4 28. fxe4 Bxe4 29. Rf1 Rc3 30. Rb4 Bxd3 31. Rxf7 Kxf7 32. Rxb7+ Ke6 33. Rxg7 Bxe2 34. Bxd4 Ra3 35. Rxh7 Rxa5 36. Kf2 Bd1 37. h3 Ra4 38. Bh8 Ra2+ 39. Ke3 Ra3+ 40. Kd2 Bh5 41. Bc3 Ra2+ 42. Kd3 Rh2 43. h4 Rg2 1/2-1/2

[Event "GER-chT Seniors 21st"]
[Site "Berlin"]
[Date "2012.09.16"]
[Round "7.7"]
[White "Haakert, Juergen"]
[Black "Knaak, Joachim"]
[Result "1-0"]
[WhiteElo "2322"]
[BlackElo "2079"]
[PlyCount "119"]
[EventDate "2012.09.10"]
[EventType "team-swiss"]
[EventRounds "7"]
[EventCountry "GER"]
[SourceTitle "CBM 150 Extra"]
[Source "ChessBase"]
[SourceDate "2012.10.19"]
[SourceVersion "1"]
[SourceVersionDate "2012.10.19"]
[SourceQuality "1"]
[WhiteTeam "Hessen Seniors"]
[BlackTeam "Sachsen Seniors"]
[WhiteTeamCountry "GER"]
[BlackTeamCountry "GER"]

1. e4 c5 2. Nf3 d6 3. g3 Nc6 4. Bg2 g6 5. 0-0 Nf6 6. Re1 Bg7 7. c3 0-0 8. d3 Rb8 9. a3 a5 10. a4 Bg4 11. h3 Bd7 12. Na3 Ne5 13. Nxe5 dxe5 14. Be3 Qc7 15. Qb3 Rbc8 16. Nc4 Be6 17. Qb5 Bxc4 18. Qxc4 Rfd8 19. b4 b6 20. bxa5 bxa5 21. Rab1 Ne8 22. Qa6 Nd6 23. Rec1 Ra8 24. Qb6 Qxb6 25. Rxb6 Rdc8 26. c4 Bf8 27. h4 e6 28. f4 f6 29. fxe5 fxe5 30. Rf1 Nf7 31. Bh3 Nd8 32. Rxe6 Nxe6 33. Bxe6+ Kh8 34. Bxc8 Rxc8 35. Rb1 Kg7 36. Kf2 Be7 37. Rb5 Bd8 38. Ke2 Be7 39. Rxa5 Kf7 40. Rb5 Ke6 41. Bd2 Kd7 42. Rb6 Rc6 43. Rb8 Rc8 44. Rxc8 Kxc8 45. Bh6 Bd6 46. g4 Bc7 47. h5 Kd7 48. Bd2 Kc6 49. Bg5 Ba5 50. Be7 Bb4 51. Kf3 Kd7 52. Bf8 Kc6 53. Kg3 Be1+ 54. Kh3 Bd2 55. Kh4 Kb6 56. a5+ Kxa5 57. hxg6 hxg6 58. Bxc5 Ka4 59. Kg3 Kb3 60. Kf3 1-0

[Event "GER-chT Seniors 21st"]
[Site "Berlin"]
[Date "2012.09.13"]
[Round "4.7"]
[White "Haakert, Juergen"]
[Black "Schulze, Ulrich"]
[Result "0-1"]
[WhiteElo "2322"]
[BlackElo "2226"]
[PlyCount "84"]
[EventDate "2012.09.10"]
[EventType "team-swiss"]
[EventRounds "7"]
[EventCountry "GER"]
[SourceTitle "CBM 150 Extra"]
[Source "ChessBase"]
[SourceDate "2012.10.19"]
[SourceVersion "1"]
[SourceVersionDate "2012.10.19"]
[SourceQuality "1"]
[WhiteTeam "Hessen Seniors"]
[BlackTeam "Baden Seniors"]
[WhiteTeamCountry "GER"]
[BlackTeamCountry "GER"]

1. g3 g6 2. Bg2 Bg7 3. f4 d5 4. Nf3 Nf6 5. 0-0 0-0 6. d3 c6 7. Nc3 Nbd7 8. Kh1 e5 9. fxe5 Ng4 10. d4 f6 11. e6 Nb6 12. e4 Bxe6 13. h3 Nh6 14. g4 dxe4 15. Nxe4 Bd5 16. Nc5 Qc7 17. b3 Nd7 18. Nd3 f5 19. g5 Nf7 20. Bf4 Qb6 21. c3 Rfe8 22. Qd2 a5 23. Rae1 Re4 24. Nf2 Ree8 25. Rxe8+ Rxe8 26. Re1 Rxe1+ 27. Qxe1 Qd8 28. Qe3 Nf8 29. Nd2 Ne6 30. h4 Nxf4 31. Qxf4 a4 32. Nc4 axb3 33. axb3 b5 34. Ne3 Bxg2+ 35. Kxg2 b4 36. cxb4 Bxd4 37. Nc4 Qd5+ 38. Qf3 Bxf2 39. Kxf2 Qd4+ 40. Kg3 Ne5 41. Qe2 f4+ 42. Kh3 Qc3+ 0-1

[Event "GER-chT Seniors 21st"]
[Site "Berlin"]
[Date "2012.09.12"]
[Round "3.3"]
[White "Dornieden, Manfred"]
[Black "Haakert, Juergen"]
[Result "1/2-1/2"]
[WhiteElo "2100"]
[BlackElo "2322"]
[PlyCount "57"]
[EventDate "2012.09.10"]
[EventType "team-swiss"]
[EventRounds "7"]
[EventCountry "GER"]
[SourceTitle "CBM 150 Extra"]
[Source "ChessBase"]
[SourceDate "2012.10.19"]
[SourceVersion "1"]
[SourceVersionDate "2012.10.19"]
[SourceQuality "1"]
[WhiteTeam "Niedersachsen Seniors"]
[BlackTeam "Hessen Seniors"]
[WhiteTeamCountry "GER"]
[BlackTeamCountry "GER"]

1. c4 g6 2. Nc3 Bg7 3. g3 Nf6 4. Bg2 0-0 5. Nf3 d6 6. d4 c6 7. 0-0 Qa5 8. e4 e5 9. dxe5 dxe5 10. Qc2 Na6 11. Bd2 Qc7 12. Na4 Bg4 13. c5 Rfd8 14. Bc3 Nd7 15. b4 Nf8 16. Ne1 b6 17. Nd3 Nb8 18. Nab2 Be6 19. Bd2 Nbd7 20. Be3 Qb7 21. a3 b5 22. Rfd1 a5 23. bxa5 Rxa5 24. Nb4 Rda8 25. Qc3 R5a7 26. Nc2 Bf6 27. Nd3 Bc4 28. Nb2 Be6 29. Nd3 1/2-1/2

[Event "GER-chT Seniors 21st"]
[Site "Berlin"]
[Date "2012.09.10"]
[Round "1.1"]
[White "Lang, Ferdinand"]
[Black "Haakert, Juergen"]
[Result "0-1"]
[WhiteElo "2076"]
[BlackElo "2322"]
[PlyCount "86"]
[EventDate "2012.09.10"]
[EventType "team-swiss"]
[EventRounds "7"]
[EventCountry "GER"]
[SourceTitle "CBM 150 Extra"]
[Source "ChessBase"]
[SourceDate "2012.10.19"]
[SourceVersion "1"]
[SourceVersionDate "2012.10.19"]
[SourceQuality "1"]
[WhiteTeam "Wuerttemberg Seniors II"]
[BlackTeam "Hessen Seniors"]
[WhiteTeamCountry "GER"]
[BlackTeamCountry "GER"]

1. e4 Nf6 2. Nc3 e5 3. Nf3 d6 4. d4 Nbd7 5. Bc4 Be7 6. 0-0 0-0 7. Bg5 c6 8. a4 b6 9. Qe2 a6 10. Rfd1 Qc7 11. Bh4 Bb7 12. Bb3 Rae8 13. Rd2 b5 14. axb5 axb5 15. d5 b4 16. dxc6 bxc3 17. cxd7 cxb2 18. Rb1 Nxd7 19. Bxe7 Rxe7 20. Rxb2 Nc5 21. Bd5 Bxd5 22. exd5 f5 23. Qb5 Ne4 24. Rd3 Nc3 25. Qc6 Ne2+ 26. Kf1 e4 27. Kxe2 exd3+ 28. Kxd3 Qa5 29. Qb5 Qa3+ 30. Qb3 Qc5 31. Nd4 Re1 32. c3 Ra8 33. Qb7 Rc8 34. Rb3 Rc1 35. Kd2 Rxc3 36. Qxc8+ Qxc8 37. Rxc3 Qa8 38. Nc6 Qa2+ 39. Ke3 f4+ 40. Ke4 Qxf2 41. Rf3 Qxg2 42. Kxf4 Qxh2+ 43. Ke3 h5 0-1

[Event "Oberliga Ost-B 1112"]
[Site "Germany"]
[Date "2012.04.15"]
[Round "11.6"]
[White "Haakert, Juergen"]
[Black "Streit, Juergen"]
[Result "1-0"]
[WhiteElo "2390"]
[BlackElo "1933"]
[PlyCount "59"]
[EventDate "2011.10.02"]
[EventType "team-tourn"]
[EventRounds "11"]
[EventCountry "GER"]
[SourceTitle "EXT 2013"]
[Source "ChessBase"]
[SourceDate "2012.11.22"]
[SourceVersion "1"]
[SourceVersionDate "2012.11.22"]
[SourceQuality "1"]
[WhiteTeam "Oberursel"]
[BlackTeam "Elstertal"]
[WhiteTeamCountry "GER"]
[BlackTeamCountry "GER"]

1. g3 e5 2. c4 Nf6 3. Bg2 Bc5 4. Nc3 0-0 5. d3 d6 6. Nf3 h6 7. 0-0 c6 8. Na4 Bb6 9. Nxb6 Qxb6 10. Qc2 Bf5 11. c5 Qc7 12. e4 Bh7 13. cxd6 Qxd6 14. Be3 Nbd7 15. h3 Rfc8 16. a4 a5 17. Rfc1 c5 18. Nd2 b6 19. Nc4 Qe6 20. f4 exf4 21. gxf4 Ra7 22. f5 Qe7 23. Bf4 Nh5 24. Bh2 Qg5 25. Qf2 g6 26. Kh1 Kh8 27. Rg1 Qf6 28. Bf3 Ng7 29. e5 Qxf5 30. Nd6 1-0

[Event "EU-chT Seniors"]
[Site "Rogaska Slatina"]
[Date "2012.03.30"]
[Round "4.1"]
[White "Dragasevic, Srdjan"]
[Black "Haakert, Juergen"]
[Result "1/2-1/2"]
[WhiteElo "2267"]
[BlackElo "2394"]
[PlyCount "60"]
[EventDate "2012.03.27"]
[EventType "team-swiss"]
[EventRounds "9"]
[EventCountry "SLO"]
[SourceTitle "CBM 147 Extra"]
[Source "ChessBase"]
[SourceDate "2012.04.24"]
[SourceVersion "1"]
[SourceVersionDate "2012.04.24"]
[SourceQuality "1"]
[WhiteTeam "Montenegro (Seniors)"]
[BlackTeam "Germany (Seniors)"]
[WhiteTeamCountry "MNE"]
[BlackTeamCountry "GER"]

1. d4 e6 2. Nf3 c5 3. c3 Nc6 4. e4 d5 5. exd5 exd5 6. Be3 Qb6 7. b3 Bg4 8. dxc5 Bxc5 9. Bxc5 Qxc5 10. Be2 Nf6 11. h3 Bxf3 12. Bxf3 0-0 13. 0-0 a5 14. a4 Rfe8 15. Ra2 Ne4 16. Qc1 Ne5 17. Bxe4 dxe4 18. Na3 Nd3 19. Qc2 Ra6 20. Nc4 f5 21. Qe2 f4 22. Kh1 f3 23. Qe3 Qh5 24. Kh2 Rf6 25. g4 Qh4 26. Rg1 Nf4 27. Rg3 Nxh3 28. Rxh3 Qxg4 29. Rg3 Qh5+ 30. Rh3 Qg4 1/2-1/2

[Event "EU-chT Seniors"]
[Site "Rogaska Slatina"]
[Date "2012.03.27"]
[Round "1.2"]
[White "Kirmas, Joachim"]
[Black "Haakert, Juergen"]
[Result "0-1"]
[WhiteElo "2050"]
[BlackElo "2394"]
[PlyCount "56"]
[EventDate "2012.03.27"]
[EventType "team-swiss"]
[EventRounds "9"]
[EventCountry "SLO"]
[SourceTitle "CBM 147 Extra"]
[Source "ChessBase"]
[SourceDate "2012.04.24"]
[SourceVersion "1"]
[SourceVersionDate "2012.04.24"]
[SourceQuality "1"]
[WhiteTeam "Sachsen Anhalt Seniors"]
[BlackTeam "Germany (Seniors)"]
[WhiteTeamCountry "GER"]
[BlackTeamCountry "GER"]

1. e4 Nf6 2. Nc3 e5 3. Nf3 d6 4. d4 Nbd7 5. Bc4 Be7 6. dxe5 dxe5 7. 0-0 0-0 8. Qe2 c6 9. a4 Qc7 10. h3 Nc5 11. Bg5 Nh5 12. Qe3 Nf4 13. Bxe7 Qxe7 14. Ne2 Nxe2+ 15. Bxe2 a5 16. Rfd1 Bd7 17. Bc4 Rfd8 18. Ng5 Be8 19. Nf3 Rxd1+ 20. Rxd1 Nxa4 21. Qb3 b5 22. Be2 Kf8 23. c4 Nc5 24. Qc3 b4 25. Qe3 a4 26. Nh4 g6 27. Qh6+ Kg8 28. Nf3 a3 0-1

[Event "GER-chT Seniors 20th"]
[Site "Gladenbach"]
[Date "2011.09.17"]
[Round "7.3"]
[White "Haakert, Juergen"]
[Black "Weisenburger, Horst"]
[Result "1-0"]
[WhiteElo "2324"]
[BlackElo "2049"]
[PlyCount "75"]
[EventDate "2011.09.11"]
[EventType "team-swiss"]
[EventRounds "7"]
[EventCountry "GER"]
[SourceTitle "CBM 144 Extra"]
[Source "ChessBase"]
[SourceDate "2011.10.28"]
[SourceVersion "1"]
[SourceVersionDate "2011.10.28"]
[SourceQuality "1"]
[WhiteTeam "Hessen"]
[BlackTeam "Wuerttemberg"]
[WhiteTeamCountry "GER"]
[BlackTeamCountry "GER"]

1. g3 f5 2. Bg2 g6 3. d3 d6 4. e4 Nc6 5. Ne2 Nf6 6. c4 Bg7 7. Nbc3 0-0 8. 0-0 e5 9. Rb1 a5 10. h3 Be6 11. Nd5 Qd7 12. Kh2 Rf7 13. exf5 gxf5 14. f4 Bxd5 15. cxd5 Ne7 16. Qb3 b5 17. fxe5 a4 18. Qc2 dxe5 19. d6 Ned5 20. dxc7 Rc8 21. Bg5 Rxc7 22. Qd2 Ne8 23. Rbc1 Qd6 24. Bf3 h6 25. Bh4 Ndf6 26. Qe3 h5 27. a3 Bh6 28. Bg5 f4 29. gxf4 Bxg5 30. fxg5 e4+ 31. Nf4 Nd5 32. Qxe4 Nxf4 33. Qxe8+ Rf8 34. Rc6 Rxe8 35. Rxd6 h4 36. Rf2 Re3 37. Rd4 Rf7 38. Rxf4 1-0